Účtovné a daňové hľadisko lízingu ako spôsobu obstarávania dlhodobého majetku diplomová práca

Enregistré dans:
Détails bibliographiques
Auteur principal: Huňadyová, Lucia
Collectivité auteur: Fakulta hospodárskej informatiky EU. Katedra účtovníctva a audítorstva
Autres auteurs: Vašeková, Miroslava, 1978-
Format: Livre
Langue:slovaque
Publié: Bratislava 2012
Tags: Ajouter un tag
Pas de tags, Soyez le premier à ajouter un tag!

MARC

LEADER 00000nbm a2200000 4500
001 0171421
005 20161109102430.7
041 0 |a slo 
044 |a SK 
245 1 0 |a Účtovné a daňové hľadisko lízingu ako spôsobu obstarávania dlhodobého majetku  |b diplomová práca  |c Lucia Huňadyová ; školiteľ: Miroslava Vašeková 
264 1 |a Bratislava  |c 2012 
300 |a 54 s. 
100 1 |a Huňadyová, Lucia 
700 1 |a Vašeková, Miroslava, 1978- 
710 2 |a Fakulta hospodárskej informatiky EU. Katedra účtovníctva a audítorstva